| 000 | 00533nam a22001937a 4500 | ||
|---|---|---|---|
| 003 | SISC | ||
| 005 | 20160406132240.0 | ||
| 008 | 130128t xxu||||| |||| 00| 0 eng d | ||
| 020 | _a971230048x | ||
| 050 |
_aHB 172.5 _b.P139 1999 |
||
| 082 |
_aFIL 338.5 _b.P139 1999 |
||
| 245 |
_aIntroductory macroeconomics _c Pagoso, Cristobal M., Dinio, Rosemary P., Villasis, George A. |
||
| 260 |
_aManila _bRex Book Store _cc2006 |
||
| 300 |
_a277 p. _c25.3 cm. |
||
| 526 | _c1210L-1700L | ||
| 562 | _e1 | ||
| 942 |
_2lcc _cBK |
||
| 999 |
_c8970 _d8970 |
||